Development of Methodology of Spatial Orientation Teaching in the Field of IT
Poukázanie na spôsoby, ako rozvíjať výučbu priestorovej orientácie, ktorá bude brať do úvahy veľký potenciálny prínos informačných technológií. Preto je práca rozdelená na tri hlavné časti: súčasná didaktika priestorovej orientácie, niektoré IT možnosti a možnosti rozvoja didaktika vyučovania priest...
Na minha lista:
| Autor principal: | |
|---|---|
| Outros Autores: | , |
| Formato: | Capítulo de Livro |
| Idioma: | inglês |
| Assuntos: | |
| Tags: |
Sem tags, seja o primeiro a adicionar uma tag!
|
MARC
| LEADER | 00000naa$a2200000$$$4500 | ||
|---|---|---|---|
| 001 | 0250276 | ||
| 005 | 20240502083714.7 | ||
| 041 | 0 | |a eng | |
| 044 | |a AT | ||
| 245 | 1 | 0 | |a Development of Methodology of Spatial Orientation Teaching in the Field of IT |c Brigita Albertová, Pavel Andres, Jaroslav Kultan |
| 520 | |a Poukázanie na spôsoby, ako rozvíjať výučbu priestorovej orientácie, ktorá bude brať do úvahy veľký potenciálny prínos informačných technológií. Preto je práca rozdelená na tri hlavné časti: súčasná didaktika priestorovej orientácie, niektoré IT možnosti a možnosti rozvoja didaktika vyučovania priestorovej orientácie. | ||
| 610 | 2 | 0 | |a technológie informačné |
| 610 | 2 | 0 | |a technológie nové |
| 610 | 2 | 0 | |a technológie komunikačné |
| 610 | 2 | 0 | |a zrak |
| 610 | 2 | 0 | |a osoby zdravotne postihnuté |
| 610 | 2 | 0 | |a invalidi |
| 610 | 2 | 0 | |a nevidiaci |
| 100 | 1 | |a Albertová, Brigita | |
| 700 | 1 | |a Andres, Pavel | |
| 700 | 1 | |a Kultan, Jaroslav, 1960- | |